00727naa a2200133 i 45000010005000000030009000050050017000140080041000310400028000721000138001002450046002385380088002847730221003729934KOSZ 00520180412102831.0080714s2008 pl fq |000 0 pol  aWA NcWA NdKOSZ 005/HR aZAJKOWSKI, Konrad.bPolitechnika Koszalińska - Wydział Mechaniczny,cKatedra Zastosowań Elektroniki i Elektrotechnikid1999 - . 10aUkłady zasilające /cKonrad Zajkowski. aWymagania systemowe: IBM PC; Windows 98 lub nowszy; Acrobat Reader; czytnik CD-ROM. iW : tPodstawy elektrotechniki i elektroniki dla nieelektryków. T. 1, Laboratorium. [CD] / pod red. Jerzego Smyczka. -dKoszalin : Wydaw. Uczelniane Politechniki Koszalińskiej, 2008. -gs. 207-236.z9788373651555